[Event "IV Open A"]
[Site "Biella ITA"]
[Date "2013.09.29"]
[Round "4"]
[White "Cordara, Michele"]
[Black "Finocchiaro, Gianluca"]
[WhiteElo "1999"]
[BlackElo "2084"]
[Result "1/2-1/2"]
[PlyCount "71"]
[EventDate "2013.09.27"]

1. Nf3 d6 2. d4 Bg4 3. Nbd2 Nf6 4. c3 c6 5. Qc2 Nbd7 6. h3 Bh5 7. e4 e5 8. Bd3
Be7 9. O-O Qc7 10. b3 O-O 11. Ba3 Rfe8 12. dxe5 dxe5 13. Bxe7 Rxe7 14. Rfe1 Nc5
15. b4 Nxd3 16. Qxd3 Rd8 17. Qe3 Red7 18. Qxa7 Rxd2 19. Nxd2 Rxd2 20. g4 Bg6
21. Rad1 Rxd1 22. Rxd1 Kf8 23. f3 Nd7 24. a4 f6 25. a5 Nb8 26. c4 Bf7 27. b5
cxb5 28. cxb5 Qc8 29. Qb6 Ke8 30. Qd6 Be6 31. Ra1 Bd7 32. a6 Bxb5 33. a7 Na6
34. a8=Q Qxa8 35. Qe6+ Kf8 36. Qd6+ 1/2-1/2

[Event "IV Open A"]
[Site "Biella ITA"]
[Date "2013.09.29"]
[Round "4"]
[White "Cossar, Claudio"]
[Black "Montilli, Vincenzo"]
[WhiteElo "2056"]
[BlackElo "2023"]
[Result "0-1"]
[PlyCount "122"]
[EventDate "2013.09.27"]

1. d4 Nf6 2. Nf3 g6 3. Bf4 Bg7 4. e3 d6 5. h3 O-O 6. Be2 Nfd7 7. O-O Nc6 8. Bh2
e5 9. c4 e4 10. Nfd2 f5 11. Nc3 Nf6 12. a3 Qe7 13. b4 g5 14. Qb3 Kh8 15. c5 d5
16. b5 Nd8 17. b6 axb6 18. cxb6 c6 19. Na4 Ne6 20. Qb4 Qf7 21. Nc5 Qg6 22. Nxe6
Bxe6 23. Be5 h5 24. Qe7 Bc8 25. Kh2 Rf7 26. Qd8+ Kh7 27. g3 Rd7 28. Bxf6 Rxd8
29. Bxd8 Be6 30. Bc7 Bf8 31. a4 Bc8 32. Nb3 Bd6 33. Bxd6 Qxd6 34. Nc5 h4 35. a5
f4 36. Rg1 hxg3+ 37. fxg3 f3 38. Bf1 Qd8 39. Rh1 Kg7 40. Kg1 Qd6 41. Kf2 Qd8
42. Rh2 Kg6 43. Rh1 Rxa5 44. Rxa5 Qxb6 45. Ra8 Qb2+ 46. Kg1 Qd2 47. Ra3 Qe1 48.
Rh2 Qxg3+ 49. Kh1 f2 50. Bg2 Qf3 51. Ra1 Qxe3 52. Rf1 Qxd4 53. Nb3 Qe3 54. Na1
b6 55. Nc2 Qc5 56. Ne1 fxe1=Q 57. Rxe1 g4 58. Bf1 gxh3 59. Bxh3 Kh6 60. Bg4+
Kg6 61. Rb1 Ba6 0-1

[Event "IV Open A"]
[Site "Biella ITA"]
[Date "2013.09.29"]
[Round "4"]
[White "Damia, Angelo"]
[Black "Marinone, Lucio"]
[WhiteElo "2227"]
[BlackElo "1970"]
[Result "1-0"]
[PlyCount "65"]
[EventDate "2013.09.27"]

1. e4 c5 2. d4 cxd4 3. c3 Nf6 4. e5 Nd5 5. cxd4 d6 6. Nf3 Nc6 7. Bc4 Nb6 8. Bb5
a6 9. Bxc6+ bxc6 10. Qc2 Qc7 11. exd6 exd6 12. O-O Be7 13. Bg5 f6 14. Bd2 Nd5
15. Rc1 Bd7 16. Qe4 Rc8 17. Nc3 Nxc3 18. Rxc3 d5 19. Qe2 Kf7 20. Qxa6 Ra8 21.
Qd3 Rhb8 22. Qxh7 Rh8 23. Qd3 Bd6 24. g3 Rh5 25. Nh4 f5 26. f4 Rb8 27. Nf3 Rxb2
28. Rb3 Rxb3 29. axb3 Rh8 30. Ng5+ Kf6 31. Re1 Qb7 32. Qe2 Qxb3 33. Qe6+ 1-0

[Event "IV Open A"]
[Site "Biella ITA"]
[Date "2013.09.29"]
[Round "4"]
[White "Di Chiara, Mauro"]
[Black "Ubezio, Marco"]
[WhiteElo "2011"]
[BlackElo "2136"]
[Result "1/2-1/2"]
[PlyCount "55"]
[EventDate "2013.09.27"]

1. g3 e5 2. Bg2 d5 3. d3 Nf6 4. Nf3 Nc6 5. O-O Be7 6. c4 dxc4 7. Qa4 cxd3 8.
Nxe5 dxe2 9. Re1 O-O 10. Nxc6 bxc6 11. Bxc6 Bd7 12. Nc3 Bxc6 13. Qxc6 Bb4 14.
Bg5 Bxc3 15. Qxc3 Re8 16. Bxf6 Qxf6 17. Qxf6 gxf6 18. Rac1 Rad8 19. f4 Rd1 20.
Kf2 Rxc1 21. Rxc1 Re6 22. Re1 Kg7 23. Rxe2 Kg6 24. Rc2 c6 25. Rc5 f5 26. Ra5
Re7 27. Rc5 Re6 28. Ra5 1/2-1/2

[Event "IV Open A"]
[Site "Biella ITA"]
[Date "2013.09.29"]
[Round "4"]
[White "Gallucci, Alessio"]
[Black "Djuric, Stefan"]
[WhiteElo "2213"]
[BlackElo "2440"]
[Result "0-1"]
[PlyCount "48"]
[EventDate "2013.09.27"]

1. e4 Nf6 2. Nc3 e5 3. f4 d5 4. exd5 e4 5. d3 Bb4 6. a3 Bxc3+ 7. bxc3 Qxd5 8.
Bb2 O-O 9. c4 Qf5 10. Nh3 Re8 11. d4 Qg6 12. d5 Bf5 13. Qd4 e3 14. Be2 c5 15.
Qc3 Nbd7 16. g4 Bxg4 17. Rg1 h5 18. Ng5 Qf5 19. h3 Qxf4 20. Rg2 Bxh3 21. Nxh3
Qh4+ 22. Nf2 exf2+ 23. Rxf2 Rxe2+ 24. Kxe2 Re8+ 0-1

[Event "IV Open A"]
[Site "Biella ITA"]
[Date "2013.09.29"]
[Round "4"]
[White "Kalnins, Kristaps"]
[Black "Naumkin, Igor"]
[WhiteElo "2273"]
[BlackElo "2461"]
[Result "0-1"]
[PlyCount "120"]
[EventDate "2013.09.27"]

1. e4 e6 2. c4 d5 3. cxd5 exd5 4. exd5 Nf6 5. Nc3 Nxd5 6. Nf3 Be7 7. d4 O-O 8.
Bd3 c6 9. O-O Bg4 10. h3 Bh5 11. Re1 Nd7 12. Ne4 Bb4 13. Rf1 Re8 14. a3 Bf8 15.
Ng3 Bg6 16. Nf5 Bxf5 17. Bxf5 g6 18. Bc2 Bg7 19. Bb3 Nf8 20. Bc4 Ne6 21. Qb3
Nb6 22. Rd1 Qd6 23. Bg5 h6 24. Bh4 Nxc4 25. Qxc4 Nf4 26. Ne5 Qd5 27. Qxd5 Nxd5
28. Bg3 Rad8 29. Rac1 Ne7 30. Nf3 Nf5 31. Be5 f6 32. Bc7 Rd5 33. Rc2 g5 34. g4
Ne7 35. Re2 Kf7 36. Rde1 Rd7 37. Ba5 Rh8 38. Bc3 h5 39. Nd2 Nd5 40. Ne4 Nf4 41.
Re3 b6 42. Ng3 Nxh3+ 43. Kf1 hxg4 44. Nf5 Nf4 45. Re7+ Rxe7 46. Rxe7+ Kg6 47.
Ng3 Rd8 48. Rxa7 c5 49. Kg1 Bf8 50. Rb7 cxd4 51. Bd2 Nd5 52. Ne2 d3 53. Nc1 Nf4
54. Rxb6 Ne2+ 55. Nxe2 dxe2 56. Bc3 Rd1+ 57. Kg2 Bd6 58. f3 Be5 59. Kf2 Bxc3
60. Kxe2 Rd2+ 0-1

[Event "IV Open A"]
[Site "Biella ITA"]
[Date "2013.09.29"]
[Round "4"]
[White "Kantans, Toms"]
[Black "Stella, Andrea"]
[WhiteElo "2346"]
[BlackElo "2458"]
[Result "1/2-1/2"]
[PlyCount "20"]
[EventDate "2013.09.27"]

1. e4 e6 2. d4 d5 3. Nc3 Nf6 4. exd5 exd5 5. Bd3 Nc6 6. Nf3 Bg4 7. Ne2 Be7 8.
c3 O-O 9. Ng3 Re8 10. O-O Bd6 1/2-1/2

[Event "IV Open A"]
[Site "Biella ITA"]
[Date "2013.09.29"]
[Round "4"]
[White "Melone, Antonio"]
[Black "Laurenti, Stefano"]
[WhiteElo "2125"]
[BlackElo "2070"]
[Result "0-1"]
[PlyCount "182"]
[EventDate "2013.09.27"]

1. d4 d6 2. Nf3 Bg4 3. c4 e5 4. h3 Bh5 5. g4 e4 6. gxh5 exf3 7. exf3 Nc6 8. Nc3
Qh4 9. d5 Ne5 10. f4 Nd7 11. Nb5 O-O-O 12. Nxa7+ Kb8 13. Be3 Re8 14. Qd4 Nc5
15. Nb5 Re4 16. Qd2 Qxf4 17. Be2 Qh4 18. O-O-O Be7 19. Bxc5 Rxc4+ 20. Bxc4
Qxc4+ 21. Qc3 Qxb5 22. Bd4 Nf6 23. h6 Nxd5 24. Qb3 Qxb3 25. axb3 Bg5+ 26. Kb1
Bxh6 27. Bxg7 Bxg7 28. Rxd5 Be5 29. Rg1 c6 30. Rd3 Rf8 31. Rg4 f5 32. Rh4 Rf7
33. f4 Bf6 34. Rh5 Be7 35. Re3 Kc7 36. Kc2 Kd7 37. Rh6 Bf8 38. Rhe6 d5 39. Re2
Bd6 40. R6e3 Bxf4 41. Rf3 Bd6 42. Kd3 f4 43. Kd4 Rf5 44. Rg2 c5+ 45. Kd3 Rf7
46. b4 b6 47. Rg5 Ke6 48. Rf1 Be5 49. Re1 c4+ 50. Kc2 Rf5 51. Rg8 d4 52. Rb8
d3+ 53. Kd2 b5 54. Rxb5 f3 55. Rc5 f2 56. Rf1 Rf4 57. Ke3 Rh4 58. Rc6+ Kd5 59.
Rc8 Bd4+ 60. Kd2 Rxh3 61. b5 Rf3 62. Rd8+ Kc5 63. b6 Be3+ 64. Kc3 Kxb6 65. Kxc4
d2 66. b4 h5 67. Rd6+ Kc7 68. Rd3 Rg3 69. Rxd2 Bxd2 70. Rxf2 Rg4+ 71. Kd3 Bxb4
72. Rf7+ Kd6 73. Ke2 Ke6 74. Rh7 Rg5 75. Kf3 Kf5 76. Rb7 Bd6 77. Rh7 Be5 78.
Rh6 Bc3 79. Rc6 Bd4 80. Rd6 Be5 81. Rh6 Bf6 82. Kf2 Bg7 83. Ra6 Kg4 84. Kg2 Be5
85. Ra4+ Bf4 86. Ra8 Kh4+ 87. Kf3 Bg3 88. Ra1 Kh3 89. Rh1+ Bh2 90. Kf2 h4 91.
Kf3 Rg1 0-1

[Event "IV Open A"]
[Site "Biella ITA"]
[Date "2013.09.29"]
[Round "4"]
[White "Molina, Fabrizio"]
[Black "Siclari, Giovanni"]
[WhiteElo "2246"]
[BlackElo "2059"]
[Result "1/2-1/2"]
[PlyCount "110"]
[EventDate "2013.09.27"]

1. Nf3 Nf6 2. d4 e6 3. e3 c5 4. Bd3 b6 5. O-O Bb7 6. Nbd2 cxd4 7. exd4 Be7 8.
Re1 d6 9. c3 Nbd7 10. Nf1 O-O 11. Ng3 Qc7 12. Bf4 Rfe8 13. Rc1 Bf8 14. Bb1 Rad8
15. Bg5 e5 16. Nf5 h6 17. Bh4 g6 18. Ne3 Bg7 19. d5 Ra8 20. Bxf6 Nxf6 21. h4
Bc8 22. Nh2 e4 23. Nef1 Bb7 24. c4 Re5 25. Ng3 Rae8 26. Nhf1 Qd7 27. Ne3 h5 28.
Rc3 Qe7 29. Ra3 a5 30. b4 Nd7 31. bxa5 bxa5 32. Rxa5 Qxh4 33. Qb3 Bc8 34. Ra8
f5 35. Nef1 Nc5 36. Qb6 Qf6 37. Nd2 h4 38. Ngf1 Bh6 39. Nb3 e3 40. Nxe3 f4 41.
Nxc5 fxe3 42. f3 h3 43. Ne4 Rxe4 44. Bxe4 hxg2 45. Qc6 Rf8 46. Rxc8 Qh4 47.
Rxf8+ Bxf8 48. Kxg2 Qxe1 49. Qe8 Qf2+ 50. Kh3 Qf1+ 51. Kg3 Qg1+ 52. Kf4 e2 53.
Bxg6 Qd4+ 54. Kg3 Qg1+ 55. Kf4 Qd4+ 1/2-1/2

[Event "IV Open A"]
[Site "Biella ITA"]
[Date "2013.09.29"]
[Round "4"]
[White "Razzano, Lorenzo"]
[Black "Bargeri, Ludovico"]
[WhiteElo "1988"]
[BlackElo "2066"]
[Result "1/2-1/2"]
[PlyCount "81"]
[EventDate "2013.09.27"]

1. e4 e6 2. Nf3 d5 3. Nc3 Nf6 4. e5 Nfd7 5. d4 c5 6. dxc5 Nc6 7. Bf4 Bxc5 8.
Bd3 f6 9. exf6 Nxf6 10. Qe2 O-O 11. O-O-O a6 12. Kb1 b5 13. Ne5 Nxe5 14. Bxe5
b4 15. Ne4 Nxe4 16. Bxe4 Qe7 17. Bd3 Qf7 18. f4 a5 19. h4 a4 20. Rh3 Be7 21.
Rg3 Bf6 22. Bxf6 Qxf6 23. Qh5 h6 24. Rg6 Qf7 25. Qxh6 Ba6 26. Bxa6 Rxa6 27. Qg5
b3 28. cxb3 axb3 29. a3 Rc8 30. Rxd5 exd5 31. Rxa6 d4 32. Rd6 Rc1+ 33. Kxc1
Qc7+ 34. Kd1 Qxd6 35. Qf5 Qc6 36. Qd3 Qd5 37. Qf3 Qc4 38. Qa8+ Kh7 39. Qe4+ Kg8
40. Qe8+ Kh7 41. Qh5+ 1/2-1/2

[Event "IV Open A"]
[Site "Biella ITA"]
[Date "2013.09.29"]
[Round "4"]
[White "Rey, Fabrice"]
[Black "Motola, Jacopo"]
[WhiteElo "2156"]
[BlackElo "2033"]
[Result "1-0"]
[PlyCount "81"]
[EventDate "2013.09.27"]

1. d4 d5 2. c4 c6 3. Nf3 Nf6 4. Qc2 g6 5. Bf4 Bf5 6. Qb3 Qb6 7. c5 Qxb3 8. axb3
Nbd7 9. Nc3 Bg7 10. b4 Nh5 11. Bc7 O-O 12. h3 Nhf6 13. b5 Rfc8 14. bxc6 Nxc5
15. Be5 Nb3 16. Ra3 Nxd4 17. Nxd4 bxc6 18. Nxf5 gxf5 19. e3 Ne4 20. Bxg7 Kxg7
21. Bd3 Rcb8 22. Na4 Rb4 23. O-O Rab8 24. Rc1 Rb3 25. Rxb3 Rxb3 26. Bxe4 fxe4
27. Rxc6 e6 28. Rc7 a5 29. Rc5 Kf6 30. Rxa5 Ke5 31. Kf1 f5 32. g3 h5 33. h4 f4
34. gxf4+ Kf5 35. Kg2 Kg4 36. Ra6 Rb4 37. Nc5 Rxb2 38. Nxe6 Kxh4 39. Nd4 Kg4
40. Rg6+ Kh4 41. Nf5# 1-0

[Event "IV Open A"]
[Site "Biella ITA"]
[Date "2013.09.29"]
[Round "4"]
[White "Rudolf, Anna"]
[Black "Sorcinelli, Francesco"]
[WhiteElo "2308"]
[BlackElo "2197"]
[Result "1/2-1/2"]
[PlyCount "56"]
[EventDate "2013.09.27"]

1. e4 c5 2. Nf3 d6 3. d4 cxd4 4. Nxd4 Nf6 5. Nc3 g6 6. Bc4 Bg7 7. O-O O-O 8.
Re1 Nc6 9. Nb3 Bd7 10. Bg5 Rc8 11. Bf1 h6 12. Bh4 Ne5 13. Qd2 Nc4 14. Bxc4 Rxc4
15. Rad1 Bc6 16. Qd3 b5 17. Nd4 Qb6 18. Nxc6 Qxc6 19. Nd5 Nxd5 20. exd5 Qc5 21.
Bxe7 Rxc2 22. Qe3 Qxe3 23. fxe3 Rfc8 24. Bxd6 Rxb2 25. Rb1 Rxb1 26. Rxb1 Rd8
27. Bc5 Rxd5 28. Bxa7 Bf8 1/2-1/2

[Event "IV Open A"]
[Site "Biella ITA"]
[Date "2013.09.29"]
[Round "4"]
[White "Solomon, Kenny"]
[Black "Sanchez, Joseph"]
[WhiteElo "2371"]
[BlackElo "2547"]
[Result "1-0"]
[PlyCount "69"]
[EventDate "2013.09.27"]

1. d4 d5 2. Nf3 Nf6 3. c4 c6 4. Nc3 dxc4 5. a4 Bf5 6. Ne5 Nbd7 7. Nxc4 Nb6 8.
Ne5 a5 9. e3 h6 10. g4 Bh7 11. Bg2 e6 12. O-O Bd6 13. f4 Nbd5 14. Qe2 O-O 15.
e4 Nb4 16. Be3 Bc7 17. Rad1 Nd7 18. Nf3 f5 19. exf5 exf5 20. g5 Nb6 21. gxh6
gxh6 22. Ne5 N6d5 23. Rf3 Kh8 24. Rh3 Nxe3 25. Qxe3 Qd6 26. Kh1 Rad8 27. d5
cxd5 28. Nb5 Qb6 29. Nxc7 Qxc7 30. Rxh6 Qg7 31. Ng6+ Kg8 32. Qe6+ Qf7 33. Nxf8
Rxf8 34. Qxf7+ Rxf7 35. Bxd5 1-0

[Event "IV Open A"]
[Site "Biella ITA"]
[Date "2013.09.29"]
[Round "4"]
[White "Yao, Stefano"]
[Black "Antoli Royo, Joaquin Miguel"]
[WhiteElo "1976"]
[BlackElo "2407"]
[Result "1-0"]
[PlyCount "123"]
[EventDate "2013.09.27"]

1. Nf3 d6 2. d4 Nf6 3. c4 Bf5 4. Nc3 h6 5. e3 Nbd7 6. Be2 e5 7. O-O c6 8. b3
Be7 9. Bb2 O-O 10. Nd2 Re8 11. Bf3 Bf8 12. e4 Bg6 13. d5 Nc5 14. Qe2 a5 15.
Rab1 Qb6 16. Ba1 Qa6 17. Qe3 Nfd7 18. Bg4 Be7 19. Qh3 Nf6 20. Bf5 Qb6 21. Kh1
Bxf5 22. Qxf5 Nd3 23. Qf3 Nf4 24. Na4 Qc7 25. Rbc1 Rad8 26. Rfd1 Nh7 27. g3 Ng6
28. Nf1 c5 29. Rc2 Rf8 30. Ne3 Bg5 31. Nf5 Ne7 32. h4 Nxf5 33. Qxf5 Bf6 34. Nc3
g6 35. Qh3 Bg7 36. h5 Ng5 37. Qg2 Qd7 38. f4 Nh7 39. Rf1 Nf6 40. hxg6 Ng4 41.
gxf7+ Qxf7 42. Nd1 exf4 43. Qh3 Qg6 44. Bxg7 Qxe4+ 45. Rg2 f3 46. Bxf8 fxg2+
47. Qxg2 Qxg2+ 48. Kxg2 Rxf8 49. Rxf8+ Kxf8 50. Kf3 Ne5+ 51. Ke4 Kf7 52. Ne3
Kf6 53. Nf5 Nf7 54. Kf4 Kg6 55. g4 Kf6 56. a3 Kg6 57. a4 Kf6 58. Nxh6 Ne5 59.
Nf5 Nf7 60. g5+ Kg6 61. Ne7+ Kg7 62. Ke4 1-0

[Event "IV Open A"]
[Site "Biella ITA"]
[Date "2013.09.29"]
[Round "5"]
[White "Bardone, Lorenzo"]
[Black "Gallucci, Alessio"]
[WhiteElo "1962"]
[BlackElo "2213"]
[Result "0-1"]
[PlyCount "48"]
[EventDate "2013.09.27"]

1. e4 c5 2. Nf3 Nc6 3. Bb5 g6 4. O-O Bg7 5. c3 Nf6 6. Re1 O-O 7. e5 Nd5 8. d4
cxd4 9. cxd4 d6 10. exd6 Qxd6 11. Nc3 Bg4 12. h3 Nxd4 13. hxg4 Nxc3 14. bxc3
Nxb5 15. Qxd6 exd6 16. Rb1 Nxc3 17. Rxb7 Rfb8 18. Rxb8+ Rxb8 19. Bf4 Bf8 20.
Nd4 h6 21. Nc6 Rb2 22. Nd4 Bg7 23. Bc1 Rb1 24. Nb3 Nxa2 0-1

[Event "IV Open A"]
[Site "Biella ITA"]
[Date "2013.09.29"]
[Round "5"]
[White "Bargeri, Ludovico"]
[Black "Angelini, Marco"]
[WhiteElo "2066"]
[BlackElo "2267"]
[Result "1/2-1/2"]
[PlyCount "77"]
[EventDate "2013.09.27"]

1. d4 d5 2. c4 e6 3. Nf3 c6 4. e3 Nf6 5. b3 Nbd7 6. Bb2 b6 7. Bd3 Bb7 8. O-O
Bd6 9. Nbd2 O-O 10. Ne5 c5 11. cxd5 Bxd5 12. f4 Qc7 13. e4 Bb7 14. Nxd7 Nxd7
15. e5 Be7 16. f5 exf5 17. Rxf5 cxd4 18. Rc1 Qd8 19. Rh5 g6 20. Qg4 Nc5 21. Bc4
Bc8 22. Qg3 Be6 23. Bxe6 Nxe6 24. Ne4 Qd5 25. Re1 Rac8 26. Ba3 Nc5 27. Bxc5
bxc5 28. Rh3 f5 29. exf6 Bxf6 30. Nxf6+ Rxf6 31. Rxh7 Kxh7 32. Qh3+ Kg7 33.
Qxc8 d3 34. Qc7+ Rf7 35. Qe5+ Qxe5 36. Rxe5 Rc7 37. Rd5 c4 38. bxc4 Rxc4 39.
Rxd3 1/2-1/2

[Event "IV Open A"]
[Site "Biella ITA"]
[Date "2013.09.29"]
[Round "5"]
[White "Djuric, Stefan"]
[Black "Kalnins, Kristaps"]
[WhiteElo "2440"]
[BlackElo "2273"]
[Result "1-0"]
[PlyCount "67"]
[EventDate "2013.09.27"]

1. c4 Nf6 2. Nf3 g6 3. Nc3 d5 4. d4 Bg7 5. e3 O-O 6. cxd5 Nxd5 7. Bc4 Nb6 8.
Bb3 Nc6 9. O-O e5 10. d5 Na5 11. e4 Nxb3 12. Qxb3 c6 13. Bg5 Bf6 14. Bh6 Re8
15. Be3 Bg4 16. Nd2 Bg5 17. h3 Bd7 18. a4 Bxe3 19. fxe3 a5 20. Rf2 cxd5 21.
exd5 f5 22. e4 f4 23. Rd1 Kh8 24. Nf3 Rc8 25. d6 Bc6 26. Nb5 Qd7 27. Nc7 Bxa4
28. Qxb6 Bxd1 29. Nxe8 Bxf3 30. Nf6 Qe6 31. Qxb7 Rc1+ 32. Rf1 Qxf6 33. Qe7 Bxg2
34. Kf2 1-0

[Event "IV Open A"]
[Site "Biella ITA"]
[Date "2013.09.29"]
[Round "5"]
[White "Finocchiaro, Gianluca"]
[Black "Migliorini, Matteo"]
[WhiteElo "2084"]
[BlackElo "2046"]
[Result "1-0"]
[PlyCount "105"]
[EventDate "2013.09.27"]

1. e4 c5 2. d4 cxd4 3. c3 Nf6 4. e5 Nd5 5. Nf3 e6 6. cxd4 d6 7. Bc4 Nc6 8. O-O
Be7 9. Qe2 O-O 10. Rd1 Qc7 11. Nc3 Nxc3 12. bxc3 dxe5 13. dxe5 b6 14. Bd3 Rd8
15. Ng5 g6 16. Bf4 Bb7 17. h4 Bf8 18. Ne4 Bg7 19. Bg5 Rd5 20. Nf6+ Bxf6 21.
Bxf6 Nxe5 22. Be4 Rxd1+ 23. Rxd1 Nd7 24. Bg5 Nc5 25. Bb1 e5 26. f3 Ne6 27. Bf6
Qc5+ 28. Kh1 Nf4 29. Qxe5 Qxe5 30. Bxe5 Ne6 31. Bf6 Nc5 32. Re1 Bc6 33. Re7 Nd7
34. Bg5 Kg7 35. Bc2 Nc5 36. Be3 Re8 37. Bxc5 bxc5 38. Rxa7 Bxf3 39. Bb3 Bc6 40.
Rxf7+ Kh8 41. Rc7 Re1+ 42. Kh2 Be4 43. Rxc5 h6 44. Bd5 Bxd5 45. Rxd5 Ra1 46.
Ra5 Rc1 47. Ra3 Kg7 48. Rb3 Ra1 49. a3 Kf6 50. Kg3 g5 51. Kg4 Rc1 52. a4 Rc2
53. g3 1-0

[Event "IV Open A"]
[Site "Biella ITA"]
[Date "2013.09.29"]
[Round "5"]
[White "Laurenti, Stefano"]
[Black "Molina, Fabrizio"]
[WhiteElo "2070"]
[BlackElo "2246"]
[Result "1-0"]
[PlyCount "23"]
[EventDate "2013.09.27"]

1. e4 e5 2. Nf3 Nc6 3. Nc3 g6 4. Bc4 Bg7 5. d3 Nge7 6. Be3 d6 7. Ng5 O-O 8. Qf3
Na5 9. Bxf7+ Kh8 10. Qg3 Ng8 11. Bxg6 Qf6 12. Nxh7 1-0

[Event "IV Open A"]
[Site "Biella ITA"]
[Date "2013.09.29"]
[Round "5"]
[White "Marinone, Lucio"]
[Black "Barlocco, Carlo"]
[WhiteElo "1970"]
[BlackElo "2093"]
[Result "1-0"]
[PlyCount "77"]
[EventDate "2013.09.27"]

1. c4 e5 2. g3 Nf6 3. Bg2 Nc6 4. Nc3 Bb4 5. Nd5 Be7 6. e3 Nxd5 7. cxd5 Nb8 8.
Ne2 c5 9. O-O d6 10. d4 Nd7 11. b3 O-O 12. Bb2 Bf6 13. Qd2 b6 14. dxe5 Bxe5 15.
Bxe5 Nxe5 16. Nc3 Bd7 17. f4 Ng6 18. e4 Re8 19. Rae1 f6 20. Rf2 b5 21. Rfe2 b4
22. Nd1 a5 23. Nb2 a4 24. Nc4 Bb5 25. Qc2 axb3 26. axb3 Bxc4 27. Qxc4 Qb6 28.
Bf1 Ra3 29. Re3 Rea8 30. Bd3 Nh8 31. e5 fxe5 32. fxe5 Nf7 33. e6 Ne5 34. e7 Re8
35. Rxe5 Ra7 36. Re6 Rb7 37. Kh1 Qa7 38. Qh4 h6 39. Bg6 1-0

[Event "IV Open A"]
[Site "Biella ITA"]
[Date "2013.09.29"]
[Round "5"]
[White "Montilli, Vincenzo"]
[Black "Damia, Angelo"]
[WhiteElo "2023"]
[BlackElo "2227"]
[Result "0-1"]
[PlyCount "64"]
[EventDate "2013.09.27"]

1. d4 f6 2. e4 Kf7 3. Nf3 e6 4. Nc3 Bb4 5. Bd3 c5 6. a3 cxd4 7. axb4 dxc3 8.
bxc3 Ne7 9. O-O Rf8 10. Be3 b6 11. e5 Ng6 12. exf6 gxf6 13. h4 Bb7 14. h5 Ne7
15. Bxh7 Rh8 16. Bd3 Rxh5 17. Ng5+ Rxg5 18. Bxg5 Qh8 19. Bf4 Nbc6 20. Ba6 Bxa6
21. Rxa6 e5 22. Bg3 d5 23. Qf3 e4 24. Qf4 Ne5 25. Rfa1 Qh5 26. Qh4 Rc8 27. Bxe5
Rxc3 28. Rxa7 fxe5 29. Rb7 Ke6 30. Ra2 Nc8 31. Rb2 Rc4 32. Kf1 d4 0-1

[Event "IV Open A"]
[Site "Biella ITA"]
[Date "2013.09.29"]
[Round "5"]
[White "Motola, Jacopo"]
[Black "Di Chiara, Mauro"]
[WhiteElo "2033"]
[BlackElo "2011"]
[Result "1-0"]
[PlyCount "73"]
[EventDate "2013.09.27"]

1. e4 g6 2. d4 Bg7 3. Nf3 d6 4. Nc3 a6 5. a4 Nd7 6. Bc4 e6 7. O-O Ne7 8. Be3
O-O 9. Qd2 e5 10. dxe5 Nxe5 11. Nxe5 dxe5 12. Qxd8 Rxd8 13. Bg5 Re8 14. Rfd1
Bg4 15. f3 Be6 16. Bxe6 fxe6 17. Rd7 Nc6 18. Rxc7 Nd4 19. Rd1 h6 20. Be7 Rac8
21. Rxb7 Rb8 22. Rxb8 Rxb8 23. b4 Rc8 24. Bc5 Nxc2 25. Ne2 a5 26. Rc1 Nxb4 27.
Bxb4 Rxc1+ 28. Nxc1 axb4 29. a5 Bf8 30. Kf1 Kf7 31. Ke2 Ke8 32. Kd3 Kd7 33. Kc4
Kc6 34. Nd3 Bd6 35. Nxb4+ Kb7 36. Kb5 h5 37. Nd3 1-0

[Event "IV Open A"]
[Site "Biella ITA"]
[Date "2013.09.29"]
[Round "5"]
[White "Pulito, Alberto"]
[Black "Yao, Stefano"]
[WhiteElo "2285"]
[BlackElo "1976"]
[Result "1/2-1/2"]
[PlyCount "34"]
[EventDate "2013.09.27"]

1. e4 c6 2. d4 d5 3. e5 c5 4. dxc5 Nc6 5. Nf3 e6 6. Bd3 Bxc5 7. O-O Nge7 8. a3
Ng6 9. b4 Be7 10. Bb2 O-O 11. Re1 Nf4 12. Bf1 f6 13. Nbd2 Ng6 14. c4 Ngxe5 15.
Nxe5 Nxe5 16. cxd5 exd5 17. Bxe5 fxe5 1/2-1/2

[Event "IV Open A"]
[Site "Biella ITA"]
[Date "2013.09.29"]
[Round "5"]
[White "Ranfagni, Stefano"]
[Black "Melone, Antonio"]
[WhiteElo "2038"]
[BlackElo "2125"]
[Result "0-1"]
[PlyCount "130"]
[EventDate "2013.09.27"]

1. c4 Nf6 2. Nc3 g6 3. g3 Bg7 4. Bg2 O-O 5. d3 d6 6. e4 c5 7. Nge2 Nc6 8. O-O
Rb8 9. h3 Nd7 10. Be3 Nd4 11. Bxd4 cxd4 12. Nb5 Qb6 13. a4 a6 14. a5 Qc5 15. b4
Qxb4 16. Nbxd4 Qc5 17. Nb3 Qc7 18. Rb1 b5 19. cxb5 Rxb5 20. Qd2 Nc5 21. Nxc5
dxc5 22. Rfc1 Qxa5 23. Qe3 Rxb1 24. Rxb1 Rd8 25. e5 Bf5 26. Rc1 Rxd3 27. Qxc5
Rd1+ 28. Kh2 Qxc5 29. Rxc5 Rd2 30. Nf4 Rxf2 31. Kg1 Rc2 32. Ra5 h5 33. Bb7 Bh6
34. Nd5 Bxh3 35. Nxe7+ Kf8 36. Be4 Rc1+ 37. Kh2 Be6 38. Nd5 Re1 39. Nf6 Bg7 40.
Nh7+ Ke7 41. Ng5 Bh6 42. Nxe6 Rxe4 43. Nc7 Bd2 44. Nd5+ Ke6 45. Rxa6+ Kxd5 46.
Rd6+ Kxe5 47. Rxd2 h4 48. gxh4 Rxh4+ 49. Kg3 Rb4 50. Re2+ Kf6 51. Re3 Kg5 52.
Kf3 f5 53. Re1 Rb3+ 54. Kg2 Kg4 55. Re2 g5 56. Rc2 f4 57. Kf2 Rf3+ 58. Kg2 Rg3+
59. Kf2 Rh3 60. Rc4 Rh2+ 61. Kg1 Rb2 62. Rc3 f3 63. Rc4+ Kg3 64. Rc1 Rg2+ 65.
Kh1 Rh2+ 0-1

[Event "IV Open A"]
[Site "Biella ITA"]
[Date "2013.09.29"]
[Round "5"]
[White "Sgnaolin, Davide"]
[Black "Razzano, Lorenzo"]
[WhiteElo "2238"]
[BlackElo "1988"]
[Result "1/2-1/2"]
[PlyCount "80"]
[EventDate "2013.09.27"]

1. c4 Nc6 2. Nc3 Nf6 3. g3 e5 4. Bg2 g6 5. Rb1 Bg7 6. b4 O-O 7. d3 d6 8. Nf3 a5
9. b5 Nd4 10. Nd2 Rb8 11. O-O b6 12. Bb2 Nd7 13. Nd5 Nc5 14. e3 Nde6 15. Qc2 f5
16. f4 g5 17. Nb3 Nxb3 18. axb3 gxf4 19. gxf4 Kh8 20. Rf3 Bb7 21. Rh3 Bxd5 22.
Bxd5 Qe7 23. Qf2 Nc5 24. Qe2 Rf6 25. Kh1 Rg6 26. Qh5 Rh6 27. Qxf5 Rxh3 28. Qxh3
Nxd3 29. Qf3 Nxb2 30. Rxb2 e4 31. Qg2 Bxb2 32. Qxb2+ Qg7 33. Qb1 Re8 34. Bxe4
Qc3 35. Kg2 Rg8+ 36. Kf3 Qd2 37. Qc2 Qxc2 38. Bxc2 Kg7 39. Ke4 Kf6 40. Kd5 Rg7
1/2-1/2

[Event "IV Open A"]
[Site "Biella ITA"]
[Date "2013.09.29"]
[Round "5"]
[White "Siclari, Giovanni"]
[Black "Ubezio, Marco"]
[WhiteElo "2059"]
[BlackElo "2136"]
[Result "1-0"]
[PlyCount "56"]
[EventDate "2013.09.27"]

1. Nf3 Nf6 2. c4 e6 3. Nc3 d5 4. d4 Bb4 5. Bg5 h6 6. Bh4 c5 7. cxd5 exd5 8. e3
Nc6 9. Be2 cxd4 10. Nxd4 O-O 11. O-O Be7 12. Bf3 Nxd4 13. Qxd4 Be6 14. Rfd1 Qa5
15. Rac1 Rfd8 16. Qa4 Qxa4 17. Nxa4 b5 18. Nc5 Rac8 19. Nb3 g5 20. Bg3 Ne4 21.
Be5 Rxc1 22. Rxc1 Rc8 23. Bd4 a6 24. Be2 Kf8 25. Kf1 Bb4 26. a3 Be7 27. Ke1 Nd6
28. Kd1 Nc4 1-0